000
00294nam a22001337a 4500
008
180926b xxu||||| |||| 00| 0 eng d
020
_a
9780534576455
041
_a
eng
080
_a
316
100
_a
50
101
_a
SOC
245
_a
Childhood Sexual Abuse
_c
Ferrara, F.F
942
_2
udc
_c
BK
999
_c
48502
_d
48502